Tutte le squadre che hanno giocato in Serie A - Statistics

Statistiche generali
  • Questo quiz è stato fatto 984 volte
  • Il punteggio medio è 51 su 68
Statistiche sulle risposte
Squadre % Corretto
Inter
97%
Juventus
97%
Milan
97%
Lazio
95%
Napoli
95%
Roma
95%
Atalanta
94%
Fiorentina
93%
Genoa
93%
Palermo
93%
Bari
92%
Bologna
92%
Torino
92%
Sampdoria
91%
Udinese
91%
Verona
91%
Cagliari
90%
Lecce
90%
Venezia
89%
Sassuolo
87%
Catania
86%
Salernitana
86%
Chievo
84%
Monza
84%
Parma
84%
Benevento
80%
Frosinone
80%
Como
79%
Empoli
79%
Pisa
79%
Spezia
78%
Vicenza
78%
Brescia
76%
Crotone
75%
Catanzaro
74%
Cremonese
74%
Pescara
74%
Pro Vercelli
74%
Reggina
74%
Ascoli
73%
Avellino
73%
Livorno
73%
Modena
73%
Perugia
73%
Messina
72%
Ancona
71%
SPAL
71%
Cesena
70%
Foggia
70%
Alessandria
68%
Triestina
68%
Padova
67%
Reggiana
66%
Novara
65%
Piacenza
63%
Siena
62%
Lecco
60%
Ternana
60%
Mantova
58%
Varese
57%
Carpi
55%
Treviso
52%
Casale
46%
Lucchese
44%
Pistoiese
41%
Pro Patria
40%
Legnano
24%
Sampierdarenese
22%
Nessun quiz corrispondente trovato
Distribuzione punteggi
Percentuale di utenti per punteggio
Percentile per numero di risposta
I tuoi punteggi nel tempo
Non hai fatto questo quiz